00563nam a2200169Ia 4500003000900000008004100009040001600050080002200066100002400088245010700112260005000219300000900269490003400278650002000312650001800332650004300350IN-BaIIA211028s9999 xx 000 0 eng d cIIA Library a084.4:524.31bARG aArgelander, F. W. A 0aAtlas des nordlichen gestirnten himmels fur den anfang des jahres 1855(in German)cF. W. A. Argelander aBonn, BerlinbFerdinand Dummlers Verlagc1862 a40p. aBonner Starkaten Zweite Serie a Atlas-Stars  a Stars Atlas aAstronomy and Astrophysics Thesaurus